000 01019nam a2200265Ia 4500
003 OSt
005 20221005105405.0
006 a|||||r|||| 00| 0
007 ta
008 221004b |||||||| |||| 00| 0 san d
020 _a8181298276 (hbk)
_cINR 750.00
024 _a43710
037 _b273, 09/02/2019, Eastern Book Linkers
_cTextual
040 _aCRL
_cCRL
_bsan
041 _2san
_asan
082 _aQ:31, 152Q8
100 _aपटेल, श्याम लाल सिंह, ले.
_9623899
245 0 _aभगवान की अवधारणा
_b उद्भव एवं विकास
246 _aBhagavān kī avadhāraṇā: udbhav evan vikāsa
260 _aनई दिल्ली
_bनमन प्रकाशन भारत
_c2018
300 _a238पृ0
_ccm.
650 _aधर्म
942 _hQ:31, 152Q8
_cTEXL
_2cc
999 _c1015682
_d1015682